Srovnávače jakožto další prodejní kanál ve finančním světě
Porovnávanie finančných a bankových produktov prostredníctvom porovnávacích portálov. Možnosti priameho nákupu produktov medzi portálom a finančnou inštitúciou. Konkurencieschopnosť finančného trhu.
Saved in:
| Main Author: | |
|---|---|
| Format: | Book Chapter |
| Language: | Czech |
| Subjects: | |
| Tags: |
No Tags, Be the first to tag this record!
|
MARC
| LEADER | 00000naa a2200000 4500 | ||
|---|---|---|---|
| 001 | 0205847 | ||
| 005 | 20231211084000.4 | ||
| 041 | 0 | |a cze | |
| 044 | |a CZ | ||
| 245 | 1 | 0 | |a Srovnávače jakožto další prodejní kanál ve finančním světě |c Martina Sobková |
| 520 | |a Porovnávanie finančných a bankových produktov prostredníctvom porovnávacích portálov. Možnosti priameho nákupu produktov medzi portálom a finančnou inštitúciou. Konkurencieschopnosť finančného trhu. | ||
| 610 | 2 | 0 | |a trh finančný |
| 610 | 2 | 0 | |a inštitúcie finančné |
| 610 | 2 | 0 | |a produkty bankové |
| 610 | 2 | 0 | |a stratégia investičná |
| 610 | 2 | 0 | |a portfólio |
| 610 | 2 | 0 | |a internet |
| 610 | 2 | 0 | |a stránky webové |
| 100 | 1 | |a Sobková, Martina | |